Life against death : the psychoanalytical meaning of history = Vida contra la muerte: el significado psicoanalítico de la historia /
Na minha lista:
| Autor principal: | |
|---|---|
| Formato: | Desconhecido |
| Idioma: | English |
| Publicado em: |
Middletown, Conn :
Vintage Book,
1985.
|
| Assuntos: | |
| Tags: |
Adicionar Tag
Sem tags, seja o primeiro a adicionar uma tag!
|
MARC
| LEADER | 000000000a22000000004500 | ||
|---|---|---|---|
| 001 | 013743 | ||
| 041 | 0 | |a eng | |
| 082 | 0 | 4 | |a 131.34 |b B881l |
| 100 | 1 | |a Brown, Norman Oliver, |d 1913- | |
| 245 | 1 | 0 | |a Life against death : |b the psychoanalytical meaning of history = Vida contra la muerte: el significado psicoanalítico de la historia / |c Norman Oliver Brown. |
| 246 | 3 | 1 | |a Vida contra la muerte: el significado psicoanalítico de la historia |
| 260 | 1 | |a Middletown, Conn : |b Vintage Book, |c 1985. | |
| 300 | |a 366 páginas ; |c 23 cm. | ||
| 650 | 4 | |a CIVILIZACION | |
| 650 | 4 | |a INSTINTO DE MUERTE | |
| 650 | 4 | |a PSICOANALISIS | |
| 500 | |a Colección George Yúdice | ||
| 999 | |c 19657 |d 19657 | ||
| 942 | |c BK |h 131.34 B881l |2 z | ||
